Datum a čas kvízu
42
Celkem bodů
Celkový počet nahraných bodů na tomto kvízu bez doplňovacích otázek.
1.
Pořadí na kvízu
Konečné umístění týmu na tomto kvízu.
Zaznamenané odpovědi
| # | Otázka | Odpověď | Body | Výsledky |
|---|---|---|---|---|
| 1. | V neděli 17. listopadu v 17:11... | Modlitba pro Martu | 0 | |
| 2. | Ruské ministerstvo spravedlnos... | Člověk v tísni | 1 | |
| 3. | Ve čtvrtek vstoupil do našich... | Amnestie | 1 | |
| 4. | Čínská firma Huawei rozdá svým... | trumpovné | 1 | |
| 5. | Ve kterém českém městě se odeh... | v Plzni | 1 | |
| 6. | Téma o tomto komikovi si vybra... | v Litoměřicích | 1 | |
| 7. | Jak se jmenuje herečka zdatně... | Iva Janžurová | 1 | |
| 8. | Kdo je "průkopníkem českého di... | Tyl | 1 | |
| 9. | Kde se odehrává tato scénka? A... | B) na hřbitově | 0 | |
| 10. | Ve scénce V restauraci hraje H... | C) U Nudle | 1 |